Comuni della Campania (con mappa) - Statistics

Statistiche generali
  • Questo quiz è stato fatto 7.386 volte
    7.180 dall'ultimo reset
  • Il punteggio medio è 128 su 550
Risposte nella Mappa
Le risposte nella mappa del quiz sottostante sono codificate secondo una scala di colori dal rosso al verde in base alla % di persone che hanno risposto correttamente.
 
Statistiche sulle risposte
Comune % Corretto
Napoli
85%
Caserta
81%
Salerno
81%
Avellino
80%
Benevento
79%
Capri
78%
Ischia
75%
Sorrento
69%
Pompei
68%
Amalfi
67%
Ercolano
66%
Pozzuoli
65%
Giugliano in Campania
64%
Torre del Greco
64%
Procida
63%
Castellammare di Stabia
61%
Afragola
60%
Torre Annunziata
60%
Battipaglia
59%
Anacapri
57%
Nola
57%
Aversa
56%
Acerra
55%
Capaccio Paestum
55%
Positano
55%
Casoria
53%
Nocera Inferiore
53%
Portici
53%
San Giorgio a Cremano
53%
Eboli
52%
Nocera Superiore
51%
Sapri
51%
Agropoli
50%
Bacoli
50%
Ponte
50%
Castel Volturno
49%
Capua
48%
Cava de' Tirreni
47%
Mondragone
47%
Santa Maria Capua Vetere
47%
Vietri sul Mare
47%
Marcianise
46%
Somma Vesuviana
46%
Caivano
45%
Castellabate
45%
Maiori
44%
Pomigliano d'Arco
44%
Sarno
44%
Vico Equense
44%
Ariano Irpino
43%
Frattamaggiore
43%
Marano di Napoli
43%
Minori
43%
Scafati
43%
Angri
42%
Casamicciola Terme
42%
Melito di Napoli
42%
Mugnano di Napoli
42%
San Giuseppe Vesuviano
42%
Sessa Aurunca
42%
Casal di Principe
41%
Forio
41%
Ottaviano
41%
Frattaminore
40%
Monte di Procida
40%
Agerola
39%
Maddaloni
39%
Meta
39%
Teano
39%
Vallo della Lucania
39%
Boscotrecase
38%
Gragnano
38%
Massa Lubrense
38%
Sala Consilina
38%
Boscoreale
37%
Fisciano
37%
Pagani
37%
Piano di Sorrento
37%
Quarto
37%
Volla
37%
Marigliano
36%
San Gennaro Vesuviano
36%
Camerota
35%
Casavatore
35%
Palma Campania
35%
Pontecagnano Faiano
35%
Ravello
35%
Arzano
34%
Barano d'Ischia
34%
Baronissi
34%
Calvi
34%
Casalnuovo di Napoli
34%
Cercola
34%
Lacco Ameno
34%
Sant'Anastasia
34%
Ascea
33%
Qualiano
33%
Sant'Agata de' Goti
33%
Sant'Agnello
33%
Sant'Antonio Abate
33%
Trecase
33%
Baiano
32%
Cetara
32%
Mercogliano
32%
Polla
32%
Pollena Trocchia
32%
Villa Literno
32%
Cicciano
31%
Grottaminarda
31%
Mariglianella
31%
Padula
31%
Piedimonte Matese
31%
Poggiomarino
31%
San Felice a Cancello
31%
Sant'Antimo
31%
Terzigno
31%
Villaricca
31%
Atrani
30%
Avella
30%
Caianello
30%
Campagna
30%
Cardito
30%
Lettere
30%
San Sebastiano al Vesuvio
30%
Solofra
30%
Telese Terme
30%
Caiazzo
29%
Massa di Somma
29%
Montella
29%
Roccarainola
29%
Brusciano
28%
Montesarchio
28%
Praiano
28%
Saviano
28%
Atena Lucana
27%
Atripalda
27%
Casagiove
27%
Casandrino
27%
Cimitile
27%
Lioni
27%
Mercato San Severino
27%
Pietrelcina
27%
Pimonte
27%
San Marzano sul Sarno
27%
Santa Maria la Carità
27%
Scisciano
27%
Visciano
27%
Alife
26%
Bellizzi
26%
Cellole
26%
Cervinara
26%
Furore
26%
Grumo Nevano
26%
Lacedonia
26%
Montoro
26%
Roccamonfina
26%
San Nicola la Strada
26%
Striano
26%
Tufino
26%
Bagnoli Irpino
25%
Calvizzano
25%
Carbonara di Nola
25%
Casaluce
25%
Casapesenna
25%
Casola di Napoli
25%
Conza della Campania
25%
Marzano di Nola
25%
Quindici
25%
Serrara Fontana
25%
Tramonti
25%
Trentola-Ducenta
25%
Airola
24%
Buonabitacolo
24%
Calitri
24%
Casapulla
24%
Grazzanise
24%
Monteforte Irpino
24%
San Paolo Bel Sito
24%
San Valentino Torio
24%
San Vitaliano
24%
Serino
24%
Sparanise
24%
Altavilla Irpina
23%
Cancello ed Arnone
23%
Casal Velino
23%
Castello di Cisterna
23%
Centola
23%
Conca dei Marini
23%
Crispano
23%
Giffoni Valle Piana
23%
Lauro
23%
Limatola
23%
Lusciano
23%
Montemiletto
23%
Nusco
23%
San Cipriano d'Aversa
23%
Sant'Arpino
23%
Casamarciano
22%
Castel San Giorgio
22%
Contursi Terme
22%
Dragoni
22%
Gioi
22%
Macerata Campania
22%
Orta di Atella
22%
Parete
22%
Pisciotta
22%
Roccadaspide
22%
San Mango Piemonte
22%
Santa Maria a Vico
22%
Sant'Angelo dei Lombardi
22%
Siano
22%
Teverola
22%
Vitulazio
22%
Aiello del Sabato
21%
Aquilonia
21%
Calvi Risorta
21%
Carinola
21%
Cesa
21%
Conca della Campania
21%
Gricignano di Aversa
21%
Liveri
21%
Pollica
21%
Pratola Serra
21%
San Giorgio del Sannio
21%
San Marcellino
21%
San Tammaro
21%
Scala
21%
Succivo
21%
Taurasi
21%
Tufo
21%
Arienzo
20%
Baia e Latina
20%
Buccino
20%
Camposano
20%
Comiziano
20%
Dugenta
20%
Durazzano
20%
Greci
20%
Mirabella Eclano
20%
Montecorvino Rovella
20%
Montefusco
20%
Monteverde
20%
Recale
20%
San Martino Valle Caudina
20%
Sant'Egidio del Monte Albino
20%
Solopaca
20%
Vallata
20%
Valle di Maddaloni
20%
Altavilla Silentina
19%
Apice
19%
Arpaia
19%
Bracigliano
19%
Foglianise
19%
Forino
19%
Frignano
19%
Gesualdo
19%
Mugnano del Cardinale
19%
Ospedaletto d'Alpinolo
19%
Roccapiemonte
19%
San Bartolomeo in Galdo
19%
San Gregorio Magno
19%
San Marco Evangelista
19%
San Prisco
19%
Santa Lucia di Serino
19%
Sicignano degli Alburni
19%
Volturara Irpina
19%
Zungoli
19%
Acerno
18%
Amorosi
18%
Andretta
18%
Auletta
18%
Bellona
18%
Bisaccia
18%
Buonalbergo
18%
Capodrise
18%
Carinaro
18%
Cassano Irpino
18%
Cerreto Sannita
18%
Corbara
18%
Francolise
18%
Giffoni Sei Casali
18%
Guardia Sanframondi
18%
Laurino
18%
Laviano
18%
Melito Irpino
18%
Montemarano
18%
Oliveto Citra
18%
Paduli
18%
Paolisi
18%
Pertosa
18%
Pietravairano
18%
Quadrelle
18%
Roccabascerana
18%
San Salvatore Telesino
18%
Santa Marina
18%
Sanza
18%
Sperone
18%
Teggiano
18%
Venticano
18%
Vitulano
18%
Apollosa
17%
Arpaise
17%
Cairano
17%
Calabritto
17%
Caposele
17%
Casalduni
17%
Ceppaloni
17%
Contrada
17%
Curti
17%
Fontanarosa
17%
Laurito
17%
Liberi
17%
Montecalvo Irpino
17%
Montecorvino Pugliano
17%
Pago del Vallo di Lauro
17%
Parolise
17%
Paternopoli
17%
Portico di Caserta
17%
Prata Sannita
17%
Presenzano
17%
Riardo
17%
Rocca d'Evandro
17%
Rotondi
17%
Salento
17%
San Potito Ultra
17%
Santa Maria la Fossa
17%
Sant'Andrea di Conza
17%
Stella Cilento
17%
Summonte
17%
Taurano
17%
Vibonati
17%
Villa di Briano
17%
Ailano
16%
Alvignano
16%
Baselice
16%
Casalbuono
16%
Castello del Matese
16%
Castel Morrone
16%
Castelvenere
16%
Celle di Bulgheria
16%
Cusano Mutri
16%
Flumeri
16%
Formicola
16%
Frigento
16%
Gioia Sannitica
16%
Grottolella
16%
Guardia Lombardi
16%
Letino
16%
Mignano Monte Lungo
16%
Moiano
16%
Montaguto
16%
Montesano sulla Marcellana
16%
Morcone
16%
Omignano
16%
Pellezzano
16%
Pietramelara
16%
Pontelandolfo
16%
Pratella
16%
Roccagloriosa
16%
Rocchetta e Croce
16%
San Giovanni a Piro
16%
San Lupo
16%
San Michele di Serino
16%
San Pietro Infine
16%
San Sossio Baronia
16%
Sassano
16%
Savignano Irpino
16%
Serre
16%
Albanella
15%
Bellosguardo
15%
Bonito
15%
Bucciano
15%
Candida
15%
Castelvetere sul Calore
15%
Fontegreca
15%
Gallo Matese
15%
Galluccio
15%
Ispani
15%
Lapio
15%
Luogosano
15%
Ogliastro Cilento
15%
Pietradefusi
15%
Pietraroja
15%
Pietrastornina
15%
Pontelatone
15%
Roccaromana
15%
Ruviano
15%
San Cipriano Picentino
15%
San Gregorio Matese
15%
San Leucio del Sannio
15%
San Mango sul Calore
15%
San Marco dei Cavoti
15%
San Potito Sannitico
15%
Santa Paolina
15%
Sant'Arsenio
15%
Santo Stefano del Sole
15%
Teora
15%
Torre Orsaia
15%
Trentinara
15%
Vairano Patenora
15%
Vallesaccarda
15%
Aquara
14%
Bonea
14%
Casalbore
14%
Castel Baronia
14%
Castelnuovo di Conza
14%
Cervino
14%
Controne
14%
Domicella
14%
Falciano del Massico
14%
Felitto
14%
Frasso Telesino
14%
Manocalzati
14%
Marzano Appio
14%
Montecorice
14%
Montefalcione
14%
Montefredane
14%
Moschiano
14%
Paupisi
14%
Perdifumo
14%
Pesco Sannita
14%
Salza Irpina
14%
San Lorenzello
14%
San Mauro Cilento
14%
San Nicola Baronia
14%
Sant'Angelo d'Alife
14%
Senerchia
14%
Sessa Cilento
14%
Sirignano
14%
Sturno
14%
Torrecuso
14%
Torre Le Nocelle
14%
Valva
14%
Villanova del Battista
14%
Caggiano
13%
Campolattaro
13%
Capriglia Irpina
13%
Carife
13%
Casaletto Spartano
13%
Castel Campagnano
13%
Castelcivita
13%
Castelpoto
13%
Castelvetere in Val Fortore
13%
Chianche
13%
Chiusano di San Domenico
13%
Faicchio
13%
Ginestra degli Schiavoni
13%
Monteforte Cilento
13%
Morra De Sanctis
13%
Olevano sul Tusciano
13%
Orria
13%
Ottati
13%
Pannarano
13%
Pastorano
13%
Pignataro Maggiore
13%
Ricigliano
13%
Rocca San Felice
13%
Roscigno
13%
Sacco
13%
San Giorgio La Molara
13%
San Lorenzo Maggiore
13%
San Nazzaro
13%
San Nicola Manfredi
13%
San Rufo
13%
Sant'Angelo all'Esca
13%
Sant'Angelo a Scala
13%
Stio
13%
Torchiara
13%
Torella dei Lombardi
13%
Trevico
13%
Valle Agricola
13%
Villamaina
13%
Alfano
12%
Castelfranci
12%
Castelpagano
12%
Castiglione del Genovesi
12%
Ceraso
12%
Cesinali
12%
Cicerale
12%
Colle Sannita
12%
Colliano
12%
Futani
12%
Melizzano
12%
Novi Velia
12%
Palomonte
12%
Petina
12%
Petruro Irpino
12%
Postiglione
12%
Prata di Principato Ultra
12%
Rofrano
12%
San Pietro al Tanagro
12%
Sant'Angelo a Cupolo
12%
Sant'Arcangelo Trimonte
12%
Tora e Piccilli
12%
Calvanico
11%
Cannalonga
11%
Capriati a Volturno
11%
Caselle in Pittari
11%
Castel di Sasso
11%
Castelnuovo Cilento
11%
Ciorlano
11%
Corleto Monforte
11%
Forchia
11%
Fragneto Monforte
11%
Giano Vetusto
11%
Giungano
11%
Lustra
11%
San Martino Sannita
11%
Santomenna
11%
Sassinoro
11%
Serramezzana
11%
Sorbo Serpico
11%
Torraca
11%
Torrioni
11%
Valle dell'Angelo
11%
Campoli del Monte Taburno
10%
Campora
10%
Castel San Lorenzo
10%
Cautano
10%
Fragneto l'Abate
10%
Molinara
10%
Monte San Giacomo
10%
Morigerati
10%
Perito
10%
Piaggine
10%
Puglianello
10%
Raviscanina
10%
Reino
10%
San Mauro la Bruca
10%
Santa Croce del Sannio
10%
Sant'Angelo a Fasanella
10%
Scampitella
10%
Tortorella
10%
Camigliano
9%
Castelfranco in Miscano
9%
Circello
9%
Cuccaro Vetere
9%
Moio della Civitella
9%
Piana di Monte Verna
9%
Romagnano al Monte
9%
Salvitelle
9%
Tocco Caudio
9%
Laureana Cilento
8%
Magliano Vetere
8%
Rutino
8%
Foiano di Val Fortore
7%
Montefalcone di Val Fortore
7%
Pago Veiano
7%
Prignano Cilento
7%
Montano Antilia
6%
Nessun quiz corrispondente trovato
Distribuzione punteggi
Percentuale di utenti per punteggio
Percentile per numero di risposta
I tuoi punteggi nel tempo
Non hai fatto questo quiz dall'ultimo reset